LDR 00877naa#a2200241#i#450# 001 EN\\bibl\110602 005 20260415183708.3 011 ## _a2311-1402 100 ## _a20250325b2025####ek#y0engy0150####ca 101 0# _aRUS 102 ## _aRU 200 1# _aExperience of algolization of lake Maibalyk (Astana, Kazakhstan) _eJournal article 210 1# _aNizhnevartovsk _cNizhnevartovsk State University _d2025 215 ## _a13 с. 608 ## _aJournal article _2local 675 ## _aБиологическая очистка сточных вод и самоочищение водоемов (экологические аспекты). 574.635 _zRUS 700 #1 _aTekebaeva _gZhanara B. 700 #1 _aRakhymzhan _gZhanar 700 #1 _aBazarkhankyz _gAidana 700 #1 _aTemirbekova _gAliya Zh. 700 #1 _aBeisenova _gRaikhan R. 700 #1 _aKulagin _gAndrei A. 856 4# _afilvestnik.nvsu.ru _u